[Event "Gausdal Young Men"]
[Site "Gausdal"]
[Date "1982.??.??"]
[Round "2"]
[White "Liabotro, Pal Ole"]
[Black "Hector, Jonny"]
[Result "0-1"]
[WhiteElo "2200"]
[BlackElo "2220"]

1.d4 d5 2.Nf3 Nf6 3.c4 c6 4.Nc3 dxc4 5.a4 Bf5 6.e3 e6 7.Bxc4 Bb4 8.O-O O-O
9.Qe2 Nbd7 10.e4 Bg6 11.e5 Nd5 12.Ne4 Bh5 13.Ng3 Bg4 14.h3 Bxf3 15.Qxf3 Qh4
16.Qe4 Qxe4 17.Nxe4 h6 18.Rd1 Rfd8 19.Bd2 Be7 20.a5 Nf8 21.g3 Rac8 22.Rab1 Nc7
23.Bc3 Nb5 24.h4 Rd7 25.Rd2 Rcd8 26.Rbd1 Nc7 27.h5 b5 28.axb6 axb6 29.b4 Nd5
30.b5 Rc7 31.Rc2 cxb5 32.Bxb5 Rdc8 33.Rdc1 Bb4 34.Nd6 Bxd6 35.exd6 Rxc3 36.Rxc3 Rxc3
37.Rxc3 Nxc3 38.d7 Nxd7 39.Bxd7 Ne2+  0-1

[Event "Gausdal Int"]
[Site "Gausdal"]
[Date "1982.??.??"]
[Round "8"]
[White "Thorsteins, Karl"]
[Black "Hector, Jonny"]
[Result "1/2-1/2"]
[WhiteElo "2310"]
[BlackElo "2220"]

1.d4 Nf6 2.c4 c6 3.Nf3 d5 4.Nc3 dxc4 5.a4 Bf5 6.Ne5 Nbd7 7.Nxc4 Qc7 8.g3 e5
9.dxe5 Nxe5 10.Bf4 Rd8 11.Qc1 Bd6 12.Nxd6+ Qxd6 13.Bg2 O-O 14.O-O a5 15.Qe3 Nfg4
16.Qb6 Qb4 17.Qxb4 axb4 18.Na2 Ng6 19.Nxb4 Nxf4 20.gxf4 Rd4 21.Nd3 Bxd3 22.Rfd1 Rfd8
23.Rxd3 Rxd3 24.exd3 Rxd3 25.b4 g6 26.b5 cxb5 27.a5 b4 28.Bxb7 Ra3 29.Rxa3 bxa3
30.Bd5 Nf6 31.Bb3 Kf8 32.a6 Ne8 33.a7 Nc7 34.Kf1 Ke7 35.Ke2 f6 36.Kd3 Kd6
37.Kc4  1/2-1/2

[Event "Luzern ol (Men)"]
[Site "Luzern"]
[Date "1982.??.??"]
[Round "5"]
[White "Williams, Arthur H"]
[Black "Rodas Martini, Pablo"]
[Result "1-0"]
[WhiteElo "2390"]
[BlackElo "2340"]

1.d4 Nf6 2.c4 c6 3.Nf3 d5 4.Nc3 dxc4 5.a4 Bf5 6.e3 e6 7.Bxc4 Bb4 8.O-O Nbd7
9.Qe2 O-O 10.e4 Bg4 11.Rd1 Qa5 12.h3 Bxf3 13.Qxf3 e5 14.d5 Nb6 15.Ba2 Bxc3
16.bxc3 Qxa4 17.c4 Nxe4 18.Ba3 cxd5 19.Bb3 Qe8 20.cxd5 Nf6 21.Bxf8 Kxf8 22.d6 e4
23.Qe3 Qb5 24.Rac1 a5 25.Rb1 Nbd7 26.Bxf7 Qe5 27.Ba2 b5 28.Qb3 Qe8 29.Qxb5 e3
30.Qe2 exf2+ 31.Qxf2 Qe5 32.Qd4 Qg5 33.Re1 Rc8 34.Bb3 Nc5 35.Qc4 Qg6 36.Rf1 Ke8
37.Rbe1+ Kd8 38.Qe2 Qe4 39.Qxe4 Ncxe4 40.Rxe4  1-0

[Event "Luzern ol (Men)"]
[Site "Luzern"]
[Date "1982.??.??"]
[Round "14"]
[White "Wong, M."]
[Black "Rodas Martini, Pablo"]
[Result "1-0"]
[WhiteElo "2290"]
[BlackElo "2340"]

1.Nf3 Nf6 2.c4 c6 3.Nc3 d5 4.d4 dxc4 5.a4 Bf5 6.e3 e6 7.Bxc4 Bb4 8.O-O Qe7
9.Qe2 Nbd7 10.e4 Bg4 11.Rd1 h6 12.a5 O-O 13.h3 Bxf3 14.gxf3 b5 15.Bb3 e5
16.d5 Nc5 17.Bc2 Bxc3 18.bxc3 cxd5 19.exd5 Qd7 20.Qxe5 Qxh3 21.Ba3 Rfe8 22.Qg3 Qxg3+
23.fxg3 Re2 24.Ra2 Na4 25.Bb4 Rae8 26.c4 R2e3 27.Rxa4 bxa4 28.Bxa4 Rb8 29.Bb5 Rxf3
30.Bd6 Rd8 31.Bc7 Rc8 32.Kg2 Ra3 33.d6 g6 34.a6 Rc3 35.d7 Nxd7 36.Rxd7 Re8
37.Rd8 Rxd8 38.Bxd8 Kf8 39.Bf6 Ra3 40.Bd4 Ra2+ 41.Kf3 f5 42.Bxa7 g5 43.Bc5+ Kf7
44.a7  1-0

[Event "Luzern ol (Men)"]
[Site "Luzern"]
[Date "1982.??.??"]
[Round "14"]
[White "Santos, Antonio P"]
[Black "Barry, Colm"]
[Result "1/2-1/2"]
[WhiteElo "2295"]
[BlackElo "2220"]

1.d4 d5 2.c4 c6 3.Nf3 Nf6 4.Nc3 dxc4 5.a4 Bf5 6.Ne5 e6 7.e3 Bb4 8.Nxc4 O-O
9.Be2 c5 10.Qb3 Qe7 11.O-O Nc6 12.dxc5 Bxc5 13.Bd2 e5 14.a5 Rfd8 15.Na4 Be6
16.Bc3 Ne4 17.Nxc5 Qxc5 18.Qa3 Qb5 19.Nd6 Qxe2 20.Nxe4 Bd5 21.Ng3 Qg4 22.h3 Qg6
23.Qa4 Qg5 24.Rfd1 h5 25.h4 Qg6 26.a6 Rab8 27.e4 b5 28.Qc2 b4 29.Nf5 Bxe4
30.Qxe4 bxc3 31.bxc3 Kh7 32.Rdb1 Ne7 33.Rxb8 Rxb8 34.Qxe5 Nc6 35.Qc5 Rb6
36.c4 Nb8 37.Ne7 Nxa6 38.Qc8 Rb1+ 39.Rxb1 Qxb1+ 40.Kh2 Qb8+ 41.g3 Qxc8 42.Nxc8 Kg6
43.Nxa7 Kf5 44.Kg2 Ke4 45.Nb5 f6 46.Nd6+ Ke5 47.Ne8 g6 48.Kf3 Ke6 49.Ke4 Ke7
50.Kd5 Nb4+ 51.Kc5 Nd3+ 52.Kd4 Nxf2 53.Nc7 Nh1 54.Nd5+ Kd8 55.Nf4 Nxg3 56.Nxg6 Kd7
57.Kc5 Ke6 58.Kd4 Nf5+ 59.Kd3 Kf7 60.Nf4 Nxh4 61.Nxh5  1/2-1/2

[Event "Marbella zt-B"]
[Site "Marbella"]
[Date "1982.??.??"]
[Round "1"]
[White "Donner, Jan Hein"]
[Black "Blow, R."]
[Result "1-0"]
[WhiteElo "2460"]
[BlackElo "2205"]

1.d4 d5 2.c4 c6 3.Nf3 Nf6 4.Nc3 dxc4 5.a4 Bf5 6.e3 Nbd7 7.Bxc4 e6 8.O-O Bb4
9.Nh4 Bg6 10.Nxg6 hxg6 11.g3 Nb6 12.Be2 Nbd5 13.Qc2 Ne7 14.Rd1 Nf5 15.Qb3 Qb6
16.Na2 Be7 17.Qxb6 axb6 18.Nc3 O-O-O 19.a5 b5 20.Bf3 Kc7 21.a6 Ra8 22.e4 Nxd4
23.Rxd4 e5 24.Rd3 bxa6 25.Be3 a5 26.Rc1 Kb7 27.h4 Rhd8 28.Rcd1 a4 29.Rxd8 Rxd8
30.Rxd8 Bxd8 31.Kf1 Nd7 32.Ke1 Nb6 33.Be2 Be7 34.Kd1 Bb4 35.Kc2 Be7 36.b3 a3
37.Na2 b4 38.Nc1 f6 39.Nd3 Nd7 40.Bg4 f5 41.exf5 e4 42.Nc1 Nf6 43.Bh3 Nd5
44.fxg6 Bf6 45.Na2 Be5 46.Bf5  1-0

[Event "Minsk"]
[Site "Minsk"]
[Date "1982.??.??"]
[Round "?"]
[White "Groszpeter, Attila"]
[Black "Kupreichik, Viktor D"]
[Result "0-1"]
[WhiteElo "2475"]
[BlackElo "2570"]

1.d4 Nf6 2.c4 c6 3.Nc3 d5 4.Nf3 dxc4 5.a4 Bf5 6.e3 e6 7.Bxc4 Bb4 8.O-O O-O
9.Qb3 Qe7 10.Nh4 Bd6 11.Nxf5 exf5 12.h3 a5 13.Qd1 Na6 14.b3 Nb4 15.Qf3 Ne4
16.Nxe4 fxe4 17.Qh5 Kh8 18.Bd2 f5 19.Bxb4 Bxb4 20.d5 cxd5 21.Bxd5 Ra6 22.Rfd1 Rg6
23.Qe2 Bd6 24.Bc4 Qe5 25.g3 f4 26.exf4 Qxf4 27.Rxd6 Qxd6 28.Qxe4 Qc5 29.Qg2 Rgf6
30.Ra2 Rf3 31.Re2 h6 32.h4 Qd4 33.h5 Qd1+ 34.Kh2 Qxe2 35.Bxe2 Rxf2 36.Bc4 R8f6
37.g4 Rxg2+ 38.Kxg2 Kh7 39.Kg3 g5 40.hxg6+ Kxg6 41.Kh4 Rf4 42.Bd3+ Kf6 43.Bc4 Rf3
44.Bd5 Rc3 45.Bxb7 Rxb3 46.Bc6 Rb6 47.Bf3 Rb2 48.Be4 Rh2+ 49.Kg3 Ra2 50.Bc6 Kg5  0-1

[Event "Moscow"]
[Site "Moscow"]
[Date "1982.??.??"]
[Round "?"]
[White "Knaak, Rainer"]
[Black "Meduna, Eduard"]
[Result "0-1"]
[WhiteElo "2495"]
[BlackElo "2490"]

1.d4 d5 2.c4 c6 3.Nf3 Nf6 4.Nc3 dxc4 5.a4 Bf5 6.e3 e6 7.Bxc4 Bb4 8.O-O Nbd7
9.Qb3 a5 10.Na2 Be7 11.Nh4 Bg4 12.f3 Bh5 13.g4 Bg6 14.Nc3 Nd5 15.Nxg6 hxg6
16.Rf2 Nb4 17.Bd2 g5 18.Rd1 Qc7 19.Ne4 O-O-O 20.Rg2 Nb6 21.Be1 Nxc4 22.Qxc4 Nd5
23.Bg3 Qb6 24.Qd3 g6 25.Nd2 f5 26.Be5 Rh3 27.Rg3 Rh6 28.Rg2 Rh3 29.b3 Qb4
30.Rc1 Qa3 31.Rf1 Qb4 32.Nc4 Nb6 33.Rc2 Nxc4 34.Rxc4 Qb6 35.Kg2 Rh7 36.e4 f4
37.Rfc1 Bd6 38.Bf6 Be7 39.Be5 Bd6 40.Bxd6 Rxd6 41.e5 Rd8 42.R1c2 Kb8 43.Qc3 Rhd7
44.Rd2 Rd5 45.b4 R8d7 46.bxa5 Qxa5 47.Qxa5 Rxa5 48.Rb2 Ka7 49.Re2 Rad5 50.Re4 Rh7
51.Rc2 Kb6 52.Rb2+ Kc7 53.Rc2 b6 54.Kg1 Kb7 55.Kg2 Ra5 56.Kg1 Rxa4 57.Kg2 b5
58.d5 exd5 59.Re1 Kc7 60.e6 Re7 61.Re5 b4  0-1

[Event "Moscow"]
[Site "Moscow"]
[Date "1982.??.??"]
[Round "?"]
[White "Razuvaev, Yuri S"]
[Black "Meduna, Eduard"]
[Result "1-0"]
[WhiteElo "2485"]
[BlackElo "2490"]

1.d4 d5 2.c4 c6 3.Nf3 Nf6 4.Nc3 dxc4 5.a4 Bf5 6.Ne5 Na6 7.e3 e6 8.Bxc4 Nb4
9.O-O Be7 10.Qe2 Nd7 11.e4 Nxe5 12.dxe5 Bg6 13.Be3 Qa5 14.f4 Bc5 15.f5 Bh5
16.Qxh5 Bxe3+ 17.Kh1 Qxe5 18.Qf3 Bd4 19.fxe6 f6 20.Qg4 g6 21.Rac1 Rd8 22.Qh3 Qh5
23.e7 Rd7 24.Qe6 g5 25.Rxf6  1-0

[Event "Moscow"]
[Site "Moscow"]
[Date "1982.??.??"]
[Round "?"]
[White "Vaganian, Rafael A"]
[Black "Meduna, Eduard"]
[Result "1-0"]
[WhiteElo "2550"]
[BlackElo "2490"]

1.d4 d5 2.c4 c6 3.Nf3 Nf6 4.Nc3 dxc4 5.a4 Bf5 6.e3 e6 7.Bxc4 Bb4 8.O-O Nbd7
9.Qe2 O-O 10.e4 Bg6 11.Bd3 Bh5 12.Bf4 Re8 13.e5 Nd5 14.Nxd5 cxd5 15.Qe3 Bg6
16.Bg5 Be7 17.Bxg6 fxg6 18.Rfc1 Nb8 19.a5 a6 20.Qb3 Qd7 21.Bxe7 Qxe7 22.Qb6 Nc6
23.b4 Rec8 24.b5 axb5 25.a6 Rab8 26.h4 h6 27.Qxb5 bxa6 28.Qxa6 Qd7 29.Rc5 Nd8
30.Qd6 Qe8 31.Ra7 Qf8 32.Nd2 Ra8 33.Nb3 Rcb8 34.Rxa8 Rxa8 35.Qxf8+ Kxf8 36.Rc7 Ra4
37.Kh2 h5 38.g3 Ra6 39.Nc5 Rc6 40.Ra7 Nf7 41.Ra8+ Ke7 42.Ra7+ Ke8 43.Nd3 Rc4
44.Ra6 g5 45.Rxe6+ Kf8 46.Nc5 gxh4 47.Nd7+ Kg8 48.Re8+ Kh7 49.Nf8+ Kh6 50.gxh4 g5
51.Re7 Kg7 52.e6 Kxf8 53.Rxf7+ Ke8 54.hxg5 Rxd4 55.f4 Re4 56.f5 d4 57.g6 d3
58.g7 Rh4+ 59.Kg3 Rg4+ 60.Kf3 d2 61.Ke2  1-0

[Event "Moscow-ch"]
[Site "Moscow"]
[Date "1982.??.??"]
[Round "12"]
[White "Rashkovsky, Nukhim N"]
[Black "Vasiukov, Evgeni"]
[Result "1-0"]
[WhiteElo "2515"]
[BlackElo "2495"]

1.d4 d5 2.c4 c6 3.Nf3 Nf6 4.Nc3 dxc4 5.a4 Bf5 6.e3 e6 7.Bxc4 Bb4 8.O-O Nbd7
9.Qb3 a5 10.Nh4 Bg6 11.g3 Nb6 12.Be2 O-O 13.Nxg6 hxg6 14.Rd1 Qc7 15.Na2 Bd6
16.Bd2 e5 17.dxe5 Bxe5 18.Be1 Nbd7 19.Rac1 Qb6 20.Qxb6 Nxb6 21.b3 Bc7 22.f3 Rfe8
23.Bf2 Nbd7 24.e4 Bb6 25.Rc2 Bxf2+ 26.Kxf2 g5 27.h3 Kf8 28.Nc1 Ne5 29.Nd3 Nxd3+
30.Rxd3 Re5 31.Rd4 Ke7 32.b4 Rd8 33.Rxd8 Kxd8 34.b5 c5 35.Bc4 Re7 36.b6 Nd7
37.Rd2 Kc8 38.Rd6 Ne5 39.Rd5 f6 40.Rxc5+ Kd7 41.Bb5+ Kd8  1-0

[Event "Plovdiv"]
[Site "Plovdiv"]
[Date "1982.??.??"]
[Round "2"]
[White "Spassov, Liuben"]
[Black "Bajovic, Milan"]
[Result "1-0"]
[WhiteElo "2450"]
[BlackElo "2365"]

1.Nf3 d5 2.d4 c6 3.c4 Nf6 4.Nc3 dxc4 5.a4 Bf5 6.e3 e6 7.Bxc4 Bb4 8.O-O Nbd7
9.Nh4 Bg4 10.f3 Bh5 11.g4 Nd5 12.Ng2 Bg6 13.Qb3 Qb6 14.Na2 Be7 15.Qd1 h6
16.e4 Nb4 17.Be3 Nxa2 18.Rxa2 a5 19.Kh1 Qb4 20.b3 e5 21.Qe1 Qxe1 22.Rxe1 exd4
23.Bxd4 O-O 24.Nf4 Bh7 25.Nh5 Nf6 26.Nxf6+ Bxf6 27.Bxf6 gxf6 28.Rd1 Rfd8
29.Rad2 Rxd2 30.Rxd2 Bg6 31.Rd6 Kg7 32.Kg2 Rb8 33.Kf2 h5 34.h3 h4 35.Ke3 b5
36.Bd3 bxa4 37.bxa4 Rb4 38.Bc2 Rc4 39.Kd3 Rc5 40.Rd4 Kf8 41.Rc4 Rxc4 42.Kxc4 Ke7
43.Kc5 Kd7 44.Kb6 Kd6 45.Kxa5 Ke5 46.Kb6 Kf4 47.a5 Kg3 48.a6 Kxh3 49.a7 Kg2
50.a8=Q h3 51.Bd3  1-0

[Event "Plovdiv"]
[Site "Plovdiv"]
[Date "1982.??.??"]
[Round "5"]
[White "Velikov, Petar"]
[Black "Meduna, Eduard"]
[Result "1/2-1/2"]
[WhiteElo "2485"]
[BlackElo "2480"]

1.d4 d5 2.c4 c6 3.Nf3 Nf6 4.Nc3 dxc4 5.a4 Bf5 6.Ne5 Nbd7 7.Nxc4 Qc7 8.g3 e5
9.dxe5 Nxe5 10.Bf4 Rd8 11.Qc1 Bd6 12.Nxd6+ Qxd6 13.Bg2 O-O 14.a5 Qe6 15.O-O Ng6
16.Be3 a6 17.Bb6 Rd7 18.Rd1 Bh3 19.Qe3 Qxe3 20.Bxe3 Bxg2 21.Rxd7 Nxd7 22.Kxg2 Re8
23.Rd1 Ngf8 24.Bf4 f6 25.Rd4 Nc5 26.Rc4 Nfd7 27.Rd4 Nf8 28.Rb4 Nfd7 29.Be3 Kf7
30.Rd4 Re7 31.b4 Ne6 32.Rd1 f5 33.Na4  1/2-1/2

[Event "Plovdiv"]
[Site "Plovdiv"]
[Date "1982.??.??"]
[Round "8"]
[White "Inkiov, Ventzislav"]
[Black "Velikov, Petar"]
[Result "0-1"]
[WhiteElo "2475"]
[BlackElo "2485"]

1.d4 d5 2.c4 c6 3.Nf3 Nf6 4.Nc3 dxc4 5.a4 Bf5 6.Nh4 Bc8 7.e4 e5 8.Bxc4 exd4
9.e5 Be7 10.exf6 Bxf6 11.Ne4 Bxh4 12.O-O O-O 13.Qh5 Be7 14.Ng5 Bxg5 15.Bxg5 Qd6
16.Bd3 f5 17.Rfe1 Be6 18.Be7 Qxe7 19.Bc4 Kh8 20.Rxe6 Qc5 21.Bd3 Nd7 22.Rae1 Nf6
23.Qg5 Rae8 24.Rxe8 Rxe8 25.Rxe8+ Nxe8 26.Qd8 Qe5 27.g3 g6 28.a5 Kg7 29.Qd7+ Kf8
30.Qxb7 Qc7 31.a6 Ke7 32.Qb4+ Qd6 33.Qb7+ Qc7 34.Qb4+ c5 35.Qb7 Kd6 36.Qa8 c4
37.Bxc4 Qxc4 38.Qd8+ Kc5 39.Qxe8 Qxa6 40.Qe7+ Kc4 41.Qxh7 Kb3 42.Qg7 Qc4
43.Qxg6 d3  0-1

[Event "Plovdiv"]
[Site "Plovdiv"]
[Date "1982.??.??"]
[Round "9"]
[White "Spassov, Liuben"]
[Black "Meduna, Eduard"]
[Result "0-1"]
[WhiteElo "2450"]
[BlackElo "2480"]

1.d4 d5 2.c4 c6 3.Nf3 Nf6 4.Nc3 dxc4 5.a4 Bf5 6.e3 e6 7.Bxc4 Bb4 8.O-O Nbd7
9.Qe2 O-O 10.e4 Bg6 11.Bd3 Bh5 12.Bf4 Re8 13.e5 Nd5 14.Nxd5 cxd5 15.Qe3 Bg6
16.Bg5 Be7 17.Bxg6 fxg6 18.Rfc1 Nb8 19.a5 a6 20.Bxe7 Qxe7 21.Rc5 Nc6 22.Rac1 Rf8
23.b4 h6 24.Qd2 Kh7 25.b5 axb5 26.Rxb5 Rxf3 27.gxf3 Nxd4 28.Qxd4 Qg5+ 29.Qg4 Qxc1+
30.Kg2 Qc8 31.Qb4 Qd8 32.h4 d4 33.Rxb7 d3 34.Qf4 Rxa5 35.Qf7 Qg8 36.Qxg8+ Kxg8
37.Rd7 Rd5 38.Rxd5 exd5 39.Kf1 g5 40.hxg5 hxg5  0-1

[Event "Reykjavik op"]
[Site "Reykjavik"]
[Date "1982.??.??"]
[Round "?"]
[White "Olafsson, Helgi"]
[Black "Mednis, Edmar John"]
[Result "0-1"]
[WhiteElo "2430"]
[BlackElo "2470"]

1.Nf3 Nf6 2.c4 c6 3.d4 d5 4.Nc3 dxc4 5.a4 Bf5 6.e3 e6 7.Bxc4 Bb4 8.O-O O-O
9.Nh4 Bg4 10.f3 Bh5 11.g4 Bg6 12.Ng2 Nd5 13.Qb3 a5 14.e4 Nb6 15.Be3 Nxc4
16.Qxc4 Qe7 17.h4 f6 18.h5 Bf7 19.h6 e5 20.Qe2 exd4 21.Bxd4 Rd8 22.Be3 g6
23.Bf4 Nd7 24.Ne3 Ne5 25.Bg3 Qc5 26.Bf2 Rd2 27.Ned5 Qd6 28.Bh4 Bxc3 29.Nxf6+ Kh8  0-1

[Event "DDR-ch (Women) "]
[Site "Salzwedel"]
[Date "1982.??.??"]
[Round "8"]
[White "Manger, Carola"]
[Black "Starck, Ines"]
[Result "1/2-1/2"]
[WhiteElo "1925"]
[BlackElo "2030"]

1.d4 d5 2.c4 c6 3.Nf3 Nf6 4.Nc3 dxc4 5.a4 Bf5 6.e3 e6 7.Bxc4 Bb4 8.O-O O-O
9.Qe2 Bg4 10.h3 Bh5 11.Na2 Be7 12.Rd1 Nbd7 13.e4 Qc7 14.Bd3 e5 15.Be3 Rfe8
16.Rac1 exd4 17.Bxd4 Bd6 18.Nc3 Qb8 19.g4 Bg6 20.Nh4 Bf4 21.Ra1 Nd5 22.Qf3 Nb4
23.Nxg6 hxg6 24.Bc4 Nc2 25.Bxg7 Re7 26.Ne2 Bh2+ 27.Kg2 Nxa1 28.Bf6 Nxf6 29.Qxf6 Qe5
30.Qxg6+ Qg7 31.Qf5 Bc7 32.Rxa1 Qxb2 33.Rd1 Qe5 34.Qg6+ Qg7 35.Qf5 Re5 36.Qf3 Rd8
37.Rxd8+ Bxd8 38.Ng3 b5 39.Bb3 Qf6 40.Nf5 Kf8 41.h4 Rxf5 42.Qxf5 Qxf5 43.exf5  1/2-1/2

[Event "BUL-ch (Women)"]
[Site "Sofia"]
[Date "1982.??.??"]
[Round "1"]
[White "Chilingirova, Pavlina"]
[Black "Jovkova Draganova, Petranka"]
[Result "1/2-1/2"]
[WhiteElo "2125"]
[BlackElo "2050"]

1.d4 d5 2.Nf3 Nf6 3.c4 c6 4.Nc3 dxc4 5.a4 Bf5 6.e3 Nbd7 7.Bxc4 e6 8.O-O Bb4
9.Qb3 Qb6 10.e4 Bg4 11.e5 Nd5 12.Rd1 Bxf3 13.gxf3 Bxc3 14.Bxd5 Bxd4 15.Bxe6 Qxb3
16.Bxb3 Bxe5 17.Bxf7+ Ke7 18.Bc4 Rhe8 19.Bg5+ Bf6 20.Bf4 Ne5 21.Re1 Kf8 22.Be2 Rad8
23.Be3 Ng6 24.Bc5+ Be7 25.Be3 Rd5 26.Red1 Red8 27.Rxd5 Rxd5 28.Rd1 b6 29.Rc1 c5
30.Rc4 Bd6 31.f4 Nh4 32.Rc1 Kf7 33.Rd1 Rxd1+ 34.Bxd1 Nf5 35.Bc2 Kf6 36.Kg2 g6
37.Kf3 Nd4+ 38.Bxd4+ cxd4 39.h3 a5 40.Bd3  1/2-1/2

[Event "Reti mem"]
[Site "Trnava"]
[Date "1982.??.??"]
[Round "4"]
[White "Damljanovic, Branko"]
[Black "Meduna, Eduard"]
[Result "0-1"]
[WhiteElo "2405"]
[BlackElo "2490"]

1.d4 d5 2.c4 c6 3.Nf3 Nf6 4.Nc3 dxc4 5.a4 Bf5 6.e3 e6 7.Bxc4 Bb4 8.O-O Nbd7
9.Qe2 O-O 10.Rd1 Bg6 11.Ne5 Nxe5 12.dxe5 Nd7 13.f4 Qe7 14.Na2 Nb6 15.Bd3 Bxd3
16.Rxd3 Rfd8 17.Rb3 Ba5 18.Nc3 Qd7 19.e4 Qd3 20.Kf1 h6 21.Qxd3 Rxd3 22.Ke2 Rad8
23.Rb1 Nxa4 24.Ra3 Nxc3+ 25.bxc3 b6 26.Be3 c5 27.Rc1 R8d7 28.Rc2 c4 29.h4 h5
30.Ra4 Bxc3 31.Rxc4 Ba5 32.Rc8+ Kh7 33.Ra8 Kg6 34.Rc6 Rc3 35.f5+ Kh7 36.Rd6 Rcc7
37.fxe6 fxe6 38.Rxe6 Rc2+ 39.Kf3 Rf7+ 40.Kg3 Rc3  0-1

[Event "URS-ch sf"]
[Site "Yaroslav"]
[Date "1982.??.??"]
[Round "?"]
[White "Razuvaev, Yuri S"]
[Black "Bronstein, David I"]
[Result "1-0"]
[WhiteElo "2485"]
[BlackElo "2495"]

1.d4 d5 2.c4 c6 3.Nf3 Nf6 4.Nc3 dxc4 5.a4 Bf5 6.Ne5 Nbd7 7.Nxc4 Qc7 8.g3 e5
9.dxe5 Nxe5 10.Bf4 Nfd7 11.Bg2 Be7 12.O-O O-O 13.Qc1 f6 14.Nxe5 fxe5 15.Nd5 Qd8
16.Nxe7+ Qxe7 17.Bg5 Qe6 18.a5 h6 19.Be3 a6 20.Ra4 Nf6 21.Qc4 Rad8 22.Bc5 Rf7
23.e4 Qxc4 24.Rxc4 Be6 25.Rc2 g5 26.f3 Rfd7 27.Bb6 Re8 28.Bc5 Rd3 29.Bb4 Nd7
30.Rd2 Rxd2 31.Bxd2 Nf8 32.Bc3 Ng6 33.Rd1 Kf7 34.Kf2 Re7 35.Rd8 Rd7 36.Rb8 Rc7
37.Bf1 Ke7 38.h4 gxh4 39.gxh4 h5 40.Bd2 c5 41.Bg5+ Kd6 42.Ke3 Rd7 43.Re8 Bf7
44.Rc8 Be6 45.Be2 Rh7 46.Rd8+ Kc7 47.Rd1 Rf7 48.Rg1 Nf4 49.Bxf4 exf4+ 50.Kd2 Rd7+
51.Kc3 Rd4 52.Rg7+ Kc6 53.Re7 Bg8 54.Re8 Bf7 55.Rf8 Be6 56.Rxf4 Rb4 57.Rf6 Kd6
58.Rh6 Rb3+ 59.Kc2  1-0

[Event "Yerevan zt"]
[Site "Yerevan"]
[Date "1982.??.??"]
[Round "5"]
[White "Vaganian, Rafael A"]
[Black "Dorfman, Josif D"]
[Result "1/2-1/2"]
[WhiteElo "2550"]
[BlackElo "2510"]

1.d4 d5 2.c4 c6 3.Nf3 Nf6 4.Nc3 dxc4 5.a4 Bf5 6.e3 e6 7.Bxc4 Bb4 8.O-O Nbd7
9.Qe2 Bg6 10.e4 O-O 11.Bd3 Bh5 12.Bf4 Re8 13.e5 Nd5 14.Nxd5 cxd5 15.Qe3 Bxf3
16.Qxf3 Nb8 17.Qg4 g6 18.h4 h5 19.Qg3 Kg7 20.Bg5 Be7 21.Qf4 Bxg5 22.hxg5 Nc6
23.Ra3 Qe7 24.Rc1 Nb4 25.Qf6+ Kg8 26.Bb5 Qxf6 27.exf6 Rec8 28.Rac3 Rxc3 29.Rxc3 a6
30.Bd7 b6 31.b3 Rd8 32.Bc8 e5  1/2-1/2

[Event "Yerevan"]
[Site "Yerevan"]
[Date "1982.??.??"]
[Round "9"]
[White "Bagirov, Vladimir"]
[Black "Mnatsakanian, Eduard A"]
[Result "1-0"]
[WhiteElo "2495"]
[BlackElo "2450"]

1.d4 d5 2.c4 c6 3.Nf3 Nf6 4.Nc3 dxc4 5.a4 Bf5 6.Ne5 e6 7.f3 Bb4 8.Nxc4 Nbd7
9.Bg5 h6 10.Bh4 b5 11.axb5 cxb5 12.Nd2 a6 13.e4 Bh7 14.Be2 Nb6 15.Rxa6 Rxa6
16.Bxb5+ Nbd7 17.Bxa6 Bxc3 18.bxc3 Qa5 19.Bb7 Qxc3 20.Bf2 O-O 21.O-O Nb8
22.Nb3 Qc7 23.Nc5 Nbd7 24.Ba6 e5 25.Nxd7 Nxd7 26.d5 Qd6 27.Bd3 f5 28.Qc2 fxe4
29.fxe4 Rd8 30.Rb1 Nf6 31.Rb6 Qa3 32.h3 Bg6 33.Bc5 Qa5 34.Bf2 Qa3 35.Kh2 Kh7
36.Rxf6  1-0

[Event "Yerevan"]
[Site "Yerevan"]
[Date "1982.??.??"]
[Round "15"]
[White "Sturua, Zurab"]
[Black "Mnatsakanian, Eduard A"]
[Result "1/2-1/2"]
[WhiteElo "2440"]
[BlackElo "2450"]

1.d4 d5 2.c4 c6 3.Nc3 Nf6 4.Nf3 dxc4 5.a4 Bf5 6.e3 e6 7.Bxc4 Bb4 8.O-O Nbd7
9.Nh4 Bg6 10.g3 a5 11.Qe2 Nb6 12.Bb3 O-O 13.Nxg6 hxg6 14.Rd1 Nbd5 15.Bd2 Ne7
16.Be1  1/2-1/2

[Event "Valby SK"]
[Site "Valby"]
[Date "1983.05.22"]
[Round "8"]
[White "Brinck Claussen, Bjorn"]
[Black "Clausen, Steen"]
[Result "1-0"]
[WhiteElo "2380"]
[BlackElo "2200"]

1.d4 d5 2.c4 c6 3.Nf3 Nf6 4.Nc3 dxc4 5.a4 Bf5 6.Ne5 Nbd7 7.Nxc4 e6 8.g3 Bb4
9.Bg2 Nb6 10.Ne5 Ne4 11.Bxe4 Bxe4 12.f3 Bg6 13.a5 Nd5 14.Qb3 Rb8 15.e4 Nxc3
16.bxc3 Bd6 17.Nc4 f6 18.Ba3 Bc7 19.a6 b5 20.Na5 Qd7 21.Nb7 Bf7 22.Qb4 Bh5
23.O-O Kf7 24.Qc5 g5 25.f4 Bb6 26.Qd6 Qxd6 27.Bxd6 Rbg8 28.Ra2 g4 29.Bc5 Bxc5
30.dxc5 Kg7 31.Rd2 Rf8 32.Rd6 e5 33.Rxc6 Rc8 34.Rd6 Rhe8 35.Rd7+ Kg8 36.Nd6 Red8
37.Rxd8+ Rxd8 38.fxe5 fxe5 39.Rf5 Bg6 40.Rxe5 Kf8 41.Kf2  1-0

[Event "Baku"]
[Site "Baku"]
[Date "1983.??.??"]
[Round "?"]
[White "Rashkovsky, Nukhim N"]
[Black "Bagirov, Vladimir"]
[Result "1/2-1/2"]
[WhiteElo "2495"]
[BlackElo "2505"]

1.d4 d5 2.c4 c6 3.Nf3 Nf6 4.Nc3 dxc4 5.a4 Bf5 6.e3 e6 7.Bxc4 Bb4 8.O-O O-O
9.Qb3 Qe7 10.Nh4 Bg4 11.f3 Bh5 12.g4 Bg6 13.e4 Rd8 14.g5 Ne8 15.Be3 Nd7 16.f4 Bxc3
17.Nxg6 hxg6 18.bxc3 Nd6 19.Bd3 b6 20.Rae1 c5 21.f5 c4 22.Bxc4 Nxc4 23.Qxc4 Rac8
24.Qb3 exf5 25.exf5 Nf8 26.Bd2 Qd7 27.Re5 Re8 28.Rd5 Qb7 29.c4  1/2-1/2

[Event "Baku"]
[Site "Baku"]
[Date "1983.??.??"]
[Round "?"]
[White "Sideif Sade, Fikret I"]
[Black "Kirov, Nino"]
[Result "1-0"]
[WhiteElo "2355"]
[BlackElo "2445"]

1.d4 d5 2.c4 c6 3.Nf3 Nf6 4.Nc3 dxc4 5.a4 Bf5 6.Ne5 Nbd7 7.Nxc4 Qc7 8.g3 e5
9.dxe5 Nxe5 10.Bf4 Rd8 11.Qc1 Bd6 12.Nxd6+ Rxd6 13.Bg2 Qe7 14.O-O a5 15.Rd1 Rxd1+
16.Nxd1 O-O 17.Ne3 Be4 18.Qc3 Ng6 19.Bg5 Bxg2 20.Bxf6 gxf6 21.Kxg2 Qe4+ 22.Kg1 Qe5
23.Qxe5 fxe5 24.Nc4 b5 25.Nxa5 Rc8 26.Rc1 bxa4 27.Rxc6 Rb8 28.Nc4 Rb4 29.Kf1 Kf8
30.Ke1 Ke7 31.Kd2 Kd7 32.Rc5 f6 33.Kc3 Rb3+ 34.Kc2 Ne7 35.Ra5 Rb4 36.Rxa4  1-0

[Event "Baku"]
[Site "Baku"]
[Date "1983.??.??"]
[Round "?"]
[White "Bagirov, Vladimir"]
[Black "Kirov, Nino"]
[Result "1-0"]
[WhiteElo "2505"]
[BlackElo "2445"]

1.d4 d5 2.c4 c6 3.Nf3 Nf6 4.Nc3 dxc4 5.a4 Bf5 6.Ne5 Nbd7 7.Nxc4 Qc7 8.g3 e5
9.dxe5 Nxe5 10.Bf4 Rd8 11.Qc1 Bd6 12.Nxd6+ Qxd6 13.Bg2 Qe7 14.O-O a5 15.Nd1 O-O
16.Qc3 Ng6 17.Bg5 Qxe2 18.Bxf6 gxf6 19.Ne3 Bd3 20.Rfd1 Ba6 21.Rxd8 Rxd8 22.Qxf6 Rd2
23.Bf1 Qh5 24.Nf5  1-0

[Event "Bor"]
[Site "Bor"]
[Date "1983.??.??"]
[Round "8"]
[White "Sahovic, Dragutin"]
[Black "Pavlovic, B."]
[Result "1-0"]
[WhiteElo "2475"]
[BlackElo "2200"]

1.d4 d5 2.c4 c6 3.Nf3 Nf6 4.Nc3 dxc4 5.a4 Bf5 6.Ne5 Nbd7 7.Nxc4 e6 8.Bg5 Be7
9.f3 h6 10.Bh4 O-O 11.e4 Bh7 12.Bf2 Bb4 13.Be2 c5 14.O-O cxd4 15.Bxd4 Qe7
16.Qb3 Nh5 17.g3 Rfd8 18.Bf2 b6 19.a5 Bc5 20.Na4 Bxf2+ 21.Rxf2 bxa5 22.Nxa5 Rdc8
23.Qb5 Nhf6 24.Rd1 Rc7 25.Bf1 Qf8 26.Nc4 Nc5 27.Nc3 Rb7 28.Qa5 Nb3 29.Qe5 Nd7
30.Qf4 Ndc5 31.Qe3 Rd8 32.Rxd8 Qxd8 33.Ne5 f6 34.Nd3 Nxd3 35.Bxd3 Bg6 36.Bc4 Qe7
37.e5 f5 38.Nb5 Na5 39.Bf1 Rb6 40.Nd6 Nb7 41.Nc8  1-0

[Event "Bratislava"]
[Site "Bratislava"]
[Date "1983.??.??"]
[Round "12"]
[White "Portisch, Ferenc"]
[Black "Mokry, Karel"]
[Result "1/2-1/2"]
[WhiteElo "2435"]
[BlackElo "2450"]

1.d4 d5 2.c4 c6 3.Nf3 Nf6 4.Nc3 dxc4 5.a4 Bf5 6.Ne5 Nbd7 7.Nxc4 Qc7 8.g3 e5
9.dxe5 Nxe5 10.Bf4 Rd8 11.Qc1 Bd6 12.Nxd6+ Qxd6 13.Bg2 O-O 14.O-O a5 15.Nd1 Qe6
16.Ne3 Be4 17.f3 Bd5 18.Qc3 Rfe8 19.Nc2 Ng6 20.Nd4 Qe7 21.Bg5 Qb4 22.Rfd1 c5
23.Nf5 Qxc3 24.bxc3 Bb3 25.Rd6 Be6 26.Rxd8 Rxd8 27.Nh6+ Kf8 28.Ng4 Bxg4 29.fxg4 b6
30.h3 h6 31.Be3 Ne5 32.g5 hxg5 33.Bxg5 Rd6 34.Bf4 Nfd7 35.h4 Ke7 36.Bh3 f6
37.g4 Nf8 38.g5 Ne6 39.gxf6+ gxf6 40.Bg3 Rd2 41.Kf2 Rc2  1/2-1/2

[Event "BL2-N"]
[Site "Germany"]
[Date "1983.??.??"]
[Round "?"]
[White "Lieb, Harald"]
[Black "Behrhorst, Frank"]
[Result "1-0"]
[WhiteElo "2275"]
[BlackElo "2280"]

1.d4 d5 2.Nf3 Nf6 3.c4 c6 4.Nc3 dxc4 5.a4 Bf5 6.e3 e6 7.Bxc4 Bb4 8.O-O Nbd7
9.Qe2 Bg6 10.e4 Bxc3 11.bxc3 Nxe4 12.Ba3 Nb6 13.Rac1 Nxc4 14.Qxc4 Qc7 15.Rfe1 Nd6
16.Qc5 Rd8 17.Qxa7 O-O 18.Ne5 Rfe8 19.Bb4 Nc8 20.Qc5 Rd5 21.Qc4 Nb6 22.Qb3 Nd7
23.Nf3 Nf6 24.Bc5 Nd7 25.Ba3 Nf6 26.Rcd1 Ra8 27.Ra1 Bh5 28.Ne5 Ng4 29.Nxg4 Bxg4
30.Reb1 b5 31.Bc5 Be2 32.axb5 Rdd8 33.b6 Qb7 34.Ra7 Bc4 35.Rxa8  1-0

[Event "Hamar op"]
[Site "Hamar"]
[Date "1983.??.??"]
[Round "5"]
[White "Bjerke, Richard"]
[Black "Donaldson, John W"]
[Result "1-0"]
[WhiteElo "2280"]
[BlackElo "2405"]

1.d4 Nf6 2.c4 c6 3.Nc3 d5 4.Nf3 dxc4 5.a4 Bf5 6.Ne5 e6 7.Nxc4 c5 8.Be3 cxd4
9.Bxd4 Nc6 10.Be3 Bb4 11.f3 O-O 12.Bf2 e5 13.e4 Be6 14.Be2 Qe7 15.O-O Rfd8
16.Qe1 Nd4 17.Rc1 Nd7 18.Kh1 Rac8 19.Ne3 Nb6 20.Bg3 f6 21.Bd1 Nc4 22.Qf2 Nxe3
23.Qxe3 Bc4 24.Nd5 Bxd5 25.Rxc8 Rxc8 26.exd5 Qc5 27.f4 Qc4 28.Rg1 exf4 29.Qxf4 Qxd5
30.Bf2 Bc5 31.b4 Ne6 32.Qc1 Bxf2 33.Qxc8+ Kf7 34.Bf3 Qe5 35.Qxb7+ Kg6 36.Rd1 Ng5
37.Qd5 Qf4 38.Qd3+ Kh6 39.Rf1 Bb6 40.Be2 Qxb4 41.Qc4 Qxc4 42.Bxc4 Ne4 43.g3 g6
44.Kg2 f5 45.Bd5 Nc5 46.Bc6 Kg5 47.Rd1 Kf6 48.Rd5 Nb3 49.Rd7 h6 50.Rh7 h5
51.Be8 g5 52.Rxh5 f4 53.h4 gxh4 54.gxf4 Bc7 55.Kf3 Nd4+ 56.Ke4 Ne6 57.Rxh4 Ke7
58.Bc6 Kd6 59.Rh6 Ke7  1-0